[Event "Mesa Copper State op"]
[Site "Mesa"]
[Date "2009.05.30"]
[Round "3"]
[White "Ding, Richard"]
[Black "Morshedi, Ali"]
[Result "0-1"]
[WhiteElo "2134"]
[BlackElo "2347"]
[PlyCount "120"]
[EventDate "2009.05.29"]
[EventType "swiss"]
[EventRounds "10"]
[EventCountry "USA"]
[SourceTitle "CBM 130 Extra"]
[Source "ChessBase"]
[SourceDate "2009.07.02"]
[SourceVersion "2"]
[SourceVersionDate "2009.07.15"]
[SourceQuality "1"]

1. e4 e5 2. Nf3 Nc6 3. Bb5 f5 4. d3 fxe4 5. dxe4 Nf6 6. 0-0 d6 7. Nc3 Be7 8. h3 0-0 9. Bc4+ Kh8 10. Ng5 Qe8 11. f4 exf4 12. Bxf4 Qg6 13. Qd3 Nh5 14. Nf7+ Rxf7 15. Bxf7 Qxf7 16. Bxd6 Nf6 17. Bxe7 Qxe7 18. Nd5 Qe5 19. Nxf6 gxf6 20. Qf3 Kg7 21. Qf4 Be6 22. a4 Nd4 23. Qf2 Bc4 24. Rfe1 Bf7 25. Ra3 Rd8 26. Rae3 Bg6 27. Rf1 Rd6 28. c3 Nb3 29. Qf4 Nc5 30. Qxe5 fxe5 31. h4 Rd3 32. Re2 Rg3 33. Rf3 Rg4 34. Rd2 Bxe4 35. Re3 Kf6 36. Rde2 Kf5 37. g3 Nd7 38. b3 Nf6 39. c4 a5 40. Kh2 Nd7 41. Kh3 h5 42. Kh2 Bc6 43. Rf2+ Ke6 44. Rf4 Rg7 45. Rf1 Nf6 46. Re2 Ng4+ 47. Kg1 Nh6 48. Kf2 Nf5 49. Rfe1 e4 50. Rg1 Nd4 51. Rb2 Rf7+ 52. Ke3 Nxb3 53. g4 Rf3+ 54. Ke2 Nd4+ 55. Kd1 hxg4 56. Rxg4 Kf5 57. Rbg2 e3 58. Rxd4 Rf1+ 59. Ke2 Bxg2 60. Kxe3 Rf3+ 0-1

[Event "Mesa Copper State op"]
[Site "Mesa"]
[Date "2009.05.29"]
[Round "2"]
[White "Cardona Oramas, Liulia Maria"]
[Black "Ding, Richard"]
[Result "1/2-1/2"]
[WhiteElo "2035"]
[BlackElo "2134"]
[PlyCount "29"]
[EventDate "2009.05.29"]
[EventType "swiss"]
[EventRounds "10"]
[EventCountry "USA"]
[SourceTitle "CBM 130 Extra"]
[Source "ChessBase"]
[SourceDate "2009.07.02"]
[SourceVersion "2"]
[SourceVersionDate "2009.07.15"]
[SourceQuality "1"]

1. e4 e6 2. d3 d5 3. Nd2 Nf6 4. Ngf3 Bc5 5. Be2 dxe4 6. Nxe4 Nxe4 7. dxe4 Qxd1+ 8. Bxd1 Nc6 9. Bf4 f6 10. c3 e5 11. Be3 Bxe3 12. fxe3 Be6 13. Bb3 Ke7 14. Bxe6 Kxe6 15. 0-0-0 1/2-1/2

[Event "US Amateur West-ch"]
[Site "Palo Verde"]
[Date "2009.05.25"]
[Round "6"]
[White "Ding, Richard"]
[Black "Peavy, Fletcher"]
[Result "1-0"]
[WhiteElo "2071"]
[BlackElo "1894"]
[PlyCount "37"]
[EventDate "2009.05.23"]
[EventType "swiss"]
[EventRounds "6"]
[EventCountry "USA"]
[SourceTitle "EXT 2014"]
[Source "ChessBase"]
[SourceDate "2013.11.20"]
[SourceVersion "1"]
[SourceVersionDate "2013.11.20"]
[SourceQuality "1"]

1. e4 c5 2. Nf3 Nc6 3. d4 cxd4 4. Nxd4 g6 5. Nc3 Bg7 6. Be3 Nf6 7. Bc4 0-0 8. Bb3 d6 9. f3 Bd7 10. Qd2 a5 11. a4 Qb8 12. h4 h5 13. Ndb5 Ne5 14. Bh6 Bxh6 15. Qxh6 Rc8 16. 0-0-0 Nc4 17. g4 hxg4 18. h5 Nxh5 19. Nd5 1-0

[Event "US Amateur West-ch"]
[Site "Palo Verde"]
[Date "2009.05.24"]
[Round "4"]
[White "Zhang, Kevin"]
[Black "Ding, Richard"]
[Result "1/2-1/2"]
[WhiteElo "2145"]
[BlackElo "2071"]
[PlyCount "58"]
[EventDate "2009.05.23"]
[EventType "swiss"]
[EventRounds "6"]
[EventCountry "USA"]
[SourceTitle "EXT 2014"]
[Source "ChessBase"]
[SourceDate "2013.11.20"]
[SourceVersion "1"]
[SourceVersionDate "2013.11.20"]
[SourceQuality "1"]

1. e4 e6 2. d4 d5 3. Nd2 Nc6 4. Ngf3 Nf6 5. e5 Nd7 6. c3 f6 7. exf6 Qxf6 8. Be2 Bd6 9. 0-0 0-0 10. Nb3 Nb6 11. Bg5 Qf7 12. Bh4 e5 13. dxe5 Nxe5 14. Nxe5 Bxe5 15. Bg3 Bf6 16. Re1 Nc4 17. Qc2 b6 18. Rad1 Bb7 19. Nd4 Bxd4 20. Rxd4 c5 21. Rdd1 Rad8 22. Bh4 Qf4 23. Bg3 Qf6 24. Bf3 Rf7 25. Re2 Re7 26. Rde1 Rde8 27. b3 Ne5 28. Bxe5 Rxe5 29. Qd3 Qg5 1/2-1/2

[Event "US Amateur West-ch"]
[Site "Palo Verde"]
[Date "2009.05.23"]
[Round "1"]
[White "Ding, Richard"]
[Black "Hampton, Robert"]
[Result "1-0"]
[WhiteElo "2071"]
[BlackElo "1658"]
[PlyCount "77"]
[EventDate "2009.05.23"]
[EventType "swiss"]
[EventRounds "6"]
[EventCountry "USA"]
[SourceTitle "EXT 2014"]
[Source "ChessBase"]
[SourceDate "2013.11.20"]
[SourceVersion "1"]
[SourceVersionDate "2013.11.20"]
[SourceQuality "1"]

1. e4 d6 2. d4 Nf6 3. Nc3 Nbd7 4. f4 e5 5. Nf3 exd4 6. Qxd4 Be7 7. Be3 0-0 8. 0-0-0 Ng4 9. Bg1 Bf6 10. Qd2 Nb6 11. h3 Bxc3 12. Qxc3 Nf6 13. Bd3 Re8 14. Re1 d5 15. e5 Ne4 16. Bxe4 dxe4 17. Rxe4 Nd5 18. Qd2 Bf5 19. Rd4 Be6 20. f5 c5 21. Rd3 c4 22. Rd4 c3 23. bxc3 Qa5 24. fxe6 fxe6 25. Kd1 Qxa2 26. Ke2 Rac8 27. Rd3 Qa6 28. Bd4 Rf8 29. Kf2 Nf4 30. Re3 Nd5 31. Re4 Qc6 32. Rhe1 a6 33. Kg1 Rcd8 34. Ng5 Rf5 35. Rh4 h6 36. Ne4 Ne7 37. Rg4 g5 38. h4 Rxe5 39. Nf6+ 1-0